Altered lignin in oil palm : (Registro nro. 26571)

Detalles MARC
000 -ENCABEZADO
Número de control [NR] 02080nam a22003497i 4500
001 - NÚMERO DE CONTROL
control field B-12599
003 - IDENTIFICADOR DE CONTROL NÚMERO
control field CO-BoFNCP
007 - CAMPO DESCRIPCIÓN FÍSICA FIJA - INFORMACIÓN GENERAL
fixed length control field t||
008 - DE LONGITUD FIJA DE DATOS DE ELEMENTOS - INFORMACIÓN GENERAL
Elementos de longitud fija [NR] 090928s2008 my r eng d
040 ## - FUENTE DE CATALOGACION [NR]
Agencia de catalogación original [NR] CO-BoFNCP
Idioma de catalogación [NR] Español
Quien Cataloga CO-BoFNCP
Convenciones de la descripción [NR] rda
041 ## - CODIGO DE IDIOMA [R]
Código de idioma para texto/pista de sonido o título separado [R] Inglés
043 ## - CODIGO DE AREA GEOGRAFICA [NR]
Código de área geográfica [R] my
084 ## - OTRO NUMERO DE CLASIFICACION [R]
Número clasificador [R] A-
100 1# - ASIENTO PRINCIPAL--NOMBRE PERSONAL [NR]
Nombre personal [NR] Paterson, R. R. M.
ID Autoridad 37247,
Término relacionador [R] autor.
Relator code aut
245 10 - MENCION DE TITULO [NR]
Título [NR] Altered lignin in oil palm :
Parte restante del título [NR] A novel approach to Ganoderma control.
264 #4 - PRODUCCIÓN, PUBLICACIÓN, DISTRIBUCIÓN, FABRICACIÓN Y COPYRIGHT
Fecha de producción, publicación, distribución, fabricación o copyright ©2008
300 ## - DESCRIPCION FISICA [R]
Extensión [R] páginas 219-228 :
Otros detalles físicos [NR] Tablas.
336 ## - TIPO DE CONTENIDO
Término de tipo de contenido texto
Código de tipo de contenido txt
Fuente rdacontent
337 ## - TIPO DE MEDIO
Nombre/término del tipo de medio sin mediación
Código del tipo de medio n
Fuente rdamedia
338 ## - TIPO DE SOPORTE
Nombre/término del tipo de soporte volumen
Código del tipo de soporte nc
Fuente rdacarrier
504 ## - NOTA DE BIBLIOGRAFIA, ETC. [R]
Nota de bibliografía, etc. [NR] Incluye referencias bibliográficas.
520 ## - NOTA DE RESUMEN, ETC. [R]
Nota de sumario, etc. [NR] Oil palm (OP) is an economically-significant crop in the tropics that is prone to a rot caused by Ganoderma: a white rot fungus. Fungi that rot in this manner are extraordinary organisms which degrade lignin, and leave white cellulose exposed. Surprisingly, there are no data concerning the biochemical basis of how Ganoderma rots oil palm in terms of lignocellulose biodegradation. It is necessary to consider this mode of attack for integrated control. The existing literature is concerned particularly with the mode of spread and molecular biology of Ganoderma, which are indirect ways in which to understand and control the disease. The white rot perception opens up new fields such as: (a) especially selecting/transforming for resistant cultivars of oil palm with high lignin content, (b) ensuring that the conditions for lignin decomposition are reduced, and (c) simply sealing damaged oil palm specifically to stop decay. In conclusion, the control of Ganoderma on oil palm will benefit greatly from consideration of the process as one of white rot.
650 #0 - ASIENTO SECUNDARIO DE MATERIA - TERMINO TEMATICO [R]
Término temático o nombre geográfico como elemento de entrada [NR] Enfermedades de las plantas.
9 (RLIN) 9341
650 #0 - ASIENTO SECUNDARIO DE MATERIA - TERMINO TEMATICO [R]
Término temático o nombre geográfico como elemento de entrada [NR] Ganoderma.
9 (RLIN) 11160
650 #0 - ASIENTO SECUNDARIO DE MATERIA - TERMINO TEMATICO [R]
Término temático o nombre geográfico como elemento de entrada [NR] Palma de aceite
9 (RLIN) 37678.
700 1# - ASIENTO SECUNDARIO - NOMBRE PERSONAL [R]
Nombre personal [NR] Sariah, M.
9 (RLIN) 41369.
700 1# - ASIENTO SECUNDARIO - NOMBRE PERSONAL [R]
Nombre personal [NR] Zainal, A.
9 (RLIN) 41370.
773 0# - ASIENTO DEL ITEM FUENTE [R]
Asiento principal [NR] The Planter (Malasia)
Información sobre la relación [R] v. 84, no. 985 (2008), p.219-228
Número de control del registro [R] A-
Número Internacional Normalizado para Publicaciones Seriadas - ISSN [NR] 0126-575x
942 ## - ELEMENTOS DE ENTRADA AGREGADOS (KOHA)
Sistema de clasificación Local
Tipo de ítem principal el descrito en 300a Artículo
999 ## - NÚMEROS DE SISTEMAS DE CONTROL (KOHA)
Koha biblionumber 26571
999 ## - NÚMEROS DE SISTEMAS DE CONTROL (KOHA)
Registro cosechable Si
Existencias
Estado de retiro (OPAC) Perdido Sistema de clasificación Dañado No prestable Ubicación habitual Ubicación actual Fecha de creación Total préstamos Signatura topográfica Código de barras Última vez visto Ejemplar Price effective from Tipo de ítem
    Local     1 - CID Palmero Bogotá 1 - CID Palmero Bogotá 10/21/2013   A- R-12599 10/21/2013 Ej. 1 10/21/2013 Artículo